<?xml version="1.0" encoding="UTF-8"?>
<record
    xmlns:xsi="http://www.w3.org/2001/XMLSchema-instance"
    xsi:schemaLocation="http://www.loc.gov/MARC21/slim http://www.loc.gov/standards/marcxml/schema/MARC21slim.xsd"
    xmlns="http://www.loc.gov/MARC21/slim">

  <leader>02472nam a22003617a 4500</leader>
  <controlfield tag="001">BRCA_9209</controlfield>
  <controlfield tag="003">FranzMayer</controlfield>
  <controlfield tag="005">20220809135157.0</controlfield>
  <controlfield tag="008">220720b        |||||||| |||| 00| 0 eng d</controlfield>
  <datafield tag="020" ind1=" " ind2=" ">
    <subfield code="a">9788494441547</subfield>
  </datafield>
  <datafield tag="040" ind1=" " ind2=" ">
    <subfield code="b">spa</subfield>
    <subfield code="c">MFM</subfield>
  </datafield>
  <datafield tag="041" ind1=" " ind2=" ">
    <subfield code="a">spa</subfield>
  </datafield>
  <datafield tag="050" ind1=" " ind2=" ">
    <subfield code="a">F1386.23.A2</subfield>
    <subfield code="b">F96 2015</subfield>
  </datafield>
  <datafield tag="245" ind1=" " ind2=" ">
    <subfield code="a">Fundaciones virreinales que dieron forma a la Ciudad de M&#xE9;xico</subfield>
  </datafield>
  <datafield tag="260" ind1=" " ind2=" ">
    <subfield code="a">Espa&#xF1;a : </subfield>
    <subfield code="b">El Viso</subfield>
    <subfield code="c">2015</subfield>
  </datafield>
  <datafield tag="260" ind1=" " ind2=" ">
    <subfield code="b">Nacional Monte de Piedad, IAP, </subfield>
    <subfield code="c">2015</subfield>
  </datafield>
  <datafield tag="300" ind1=" " ind2=" ">
    <subfield code="a">283 p. : </subfield>
    <subfield code="b">il., fot. ;</subfield>
    <subfield code="c">28.5 x 32</subfield>
  </datafield>
  <datafield tag="500" ind1=" " ind2=" ">
    <subfield code="a">Ubicaci&#xF3;n: L59-N5</subfield>
  </datafield>
  <datafield tag="500" ind1=" " ind2=" ">
    <subfield code="a">Incluye imagen de la Colecci&#xF3;n Franz Mayer (p. 81)</subfield>
  </datafield>
  <datafield tag="500" ind1=" " ind2=" ">
    <subfield code="a">&#xCD;ndice (p. 11)</subfield>
  </datafield>
  <datafield tag="504" ind1=" " ind2=" ">
    <subfield code="a">Bibliograf&#xED;a: pp. 281-283</subfield>
  </datafield>
  <datafield tag="505" ind1="2" ind2=" ">
    <subfield code="t">Pr&#xF3;logo / </subfield>
    <subfield code="r">Ricardo Raphael de la Madrid</subfield>
  </datafield>
  <datafield tag="505" ind1="2" ind2=" ">
    <subfield code="t">Estampas de la Ciudad de M&#xE9;xico. Siglos XIX-XXI / </subfield>
    <subfield code="r">Sandra Ortega y Patricia Ruvalcaba</subfield>
  </datafield>
  <datafield tag="505" ind1="2" ind2=" ">
    <subfield code="t">Enfermar y sanar: El Hospital de Jes&#xFA;s y su presencia en la Ciudad de M&#xE9;xico / </subfield>
    <subfield code="r">Claudia Itzkowick</subfield>
  </datafield>
  <datafield tag="505" ind1="2" ind2=" ">
    <subfield code="t">Aprender y ense&#xF1;ar: El Colegio de San Ignacio de Loyola Vizca&#xED;nas y el centro hist&#xF3;rico a su alrededor / </subfield>
    <subfield code="r">Claudia Itzkowick</subfield>
  </datafield>
  <datafield tag="505" ind1="2" ind2=" ">
    <subfield code="t">Empe&#xF1;ados en vivir: Nacional Monte de Piedad, parada cotidiana en la capital / </subfield>
    <subfield code="r">Claudia Itzkowick</subfield>
  </datafield>
  <datafield tag="520" ind1=" " ind2=" ">
    <subfield code="a">Este libro describe c&#xF3;mo se desenvolv&#xED;a la vida cotidiana en la Ciudad de M&#xE9;xico desde los &#xFA;ltimos momentos del Virreinato de Nueva Espa&#xF1;a hasta el M&#xE9;xico independiente de nuestros d&#xED;as; describe las costumbres sociales, econ&#xF3;micas y religiosas de una sociedad civil en constante evoluci&#xF3;n pero, sobre todo, pretende dar una breve cisi&#xF3;n de c&#xF3;mo se organiz&#xF3; la vida en com&#xFA;n durante el proceso de construcci&#xF3;n de la nueva naci&#xF3;n mexicana en torno a tres aspectos b&#xE1;sicos para el desarrollo de una sociedad: la salud, la educaci&#xF3;n y las finanzas. Estas &#xE1;reas fundamentales est&#xE1;n &#xED;ntimamente ligadas a tres de los pilares institucionales m&#xE1;s importantes de M&#xE9;xico: el Hospital de la Pur&#xED;sima Concepci&#xF3;n, hoy Hospital de Jes&#xFA;s, el Colegio de San Ignacio de Loyola Vizca&#xED;nas, conocido com&#xFA;nmente como el Colegio de las Vizca&#xED;nas, y el Sacro y Real Monte de Piedad y &#xC1;nimas, hoy Nacional Monte de Piedad.</subfield>
  </datafield>
  <datafield tag="610" ind1=" " ind2=" ">
    <subfield code="a">Hospital de Jes&#xFA;s (Mexico City, Mexico)</subfield>
    <subfield code="x">Historia</subfield>
    <subfield code="9">28469</subfield>
  </datafield>
  <datafield tag="610" ind1=" " ind2=" ">
    <subfield code="a">Colegio de San Ignacio de Loyola Vizca&#xED;nas (Mexico City, Mexico)</subfield>
    <subfield code="x">Historia</subfield>
    <subfield code="9">28470</subfield>
  </datafield>
  <datafield tag="610" ind1=" " ind2=" ">
    <subfield code="a">Nacional Monte de Piedad (Mexico)</subfield>
    <subfield code="x">Historia</subfield>
    <subfield code="9">28471</subfield>
  </datafield>
  <datafield tag="942" ind1=" " ind2=" ">
    <subfield code="2">lcc</subfield>
    <subfield code="c">B</subfield>
  </datafield>
  <datafield tag="999" ind1=" " ind2=" ">
    <subfield code="c">10828</subfield>
    <subfield code="d">10828</subfield>
  </datafield>
  <datafield tag="952" ind1=" " ind2=" ">
    <subfield code="0">0</subfield>
    <subfield code="1">0</subfield>
    <subfield code="2">lcc</subfield>
    <subfield code="4">0</subfield>
    <subfield code="7">0</subfield>
    <subfield code="a">BRCA</subfield>
    <subfield code="b">BRCA</subfield>
    <subfield code="d">2022-07-20</subfield>
    <subfield code="l">0</subfield>
    <subfield code="o">F1386.23.A2 F96 2015</subfield>
    <subfield code="p">CONT9989</subfield>
    <subfield code="r">2022-07-20 00:00:00</subfield>
    <subfield code="w">2022-07-20</subfield>
    <subfield code="y">B</subfield>
  </datafield>
</record>
